MARC

LEADER 00000nam0a2200000 4500
001 292968
005 20231101001322.0
035 |a (RuTPU)RU\TPU\book\317745 
090 |a 292968 
100 |a 20150428d1983 km y0rusy50 ca 
101 0 |a rus 
102 |a RU 
105 |a a z 001zy 
200 1 |a Экономическая эффективность эксплуатации сложных угольных месторождений  |f Р. Ш. Ходжаев 
210 |a Москва  |c Недра  |d 1983 
215 |a 247 с.  |c ил. 
320 |a Библиогр.: с. 243-245 
606 1 |a Угледобыча  |x Технико-экономические показатели  |2 stltpush  |3 (RuTPU)RU\TPU\subj\62338 
610 1 |a угольные месторождения 
610 1 |a эксплуатация 
610 1 |a экономическая эффективность 
610 1 |a сложность 
610 1 |a надежность 
610 1 |a оценка 
610 1 |a геологическая информация 
610 1 |a проектирование 
610 1 |a природные факторы 
610 1 |a влияние 
675 |a 622.333.013  |v 4 
700 1 |a Ходжаев  |b Р. Ш.  |g Равиль Шарипович 
801 1 |a RU  |b 63413507  |c 20150428 
801 2 |a RU  |b 63413507  |c 20181015  |g RCR 
942 |c BK